The Routledge atlas of the First World War

Αποθηκεύτηκε σε:
Λεπτομέρειες βιβλιογραφικής εγγραφής
Άλλοι συγγραφείς: Gilbert, Martin 1936-
Μορφή: Βιβλίο
Γλώσσα:English
Δημοσίευση: London ; New York : Routledge, 2008
Έκδοση:3η έκδ.
Σειρά:Routledge historical atlases
Θέματα:
Ετικέτες: Προσθήκη ετικέτας
Δεν υπάρχουν, Καταχωρήστε ετικέτα πρώτοι!

MARC

LEADER 00000nam a2200000 i 4500
001 1/25019
008 130124r20081970 eng d
020 |a 978-0-415-46038-5 
035 |l 10113568 
040 |a GR-MY-UA  |b gre  |e aacr 
041 0 |a eng 
082 0 |a 940.410223  |2 (22) 
245 1 4 |a The Routledge atlas of the First World War /  |c Martin Gilbert 
246 3 3 |a Atlas of the First World War 
250 |a 3η έκδ. 
260 |a London ; New York :   |b Routledge,   |c 2008 
300 |a xii, xxvii, 173 σ.;  |b χάρτες;  |c 26 
490 1 |a Routledge historical atlases 
504 |a Περιλαμβάνει βιβλιογραφικές σημειώσεις 
650 0 0 |a World War, 1914-1918  |x Campaigns  |x History. 
650 0 0 |a Historical geography  |x Maps. 
700 1 |a Gilbert, Martin  |d 1936- 
852 |a INST  |b LESVOS  |e 20130124  |h 940.410223 GIL  |p 005100052036  |q 005100052036  |t BK  |y 0 
901 |a BIBL1-2013-1 
909 |a Λ  |b 177750 
922 |a 1ΕΛΗ  |b 201301  |c ΤΜΗΜΑ ΚΟΙΝΩΝΙΚΗΣ ΑΝΘΡΩΠΟΛΟΓΙΑΣ ΚΑΙ ΙΣΤΟΡΙΑΣ  |d ΙΩΑΝΝΙΔΟΥ 
970 |a ΤΖΑΦΕΡΗ  |b ΕΥΑΓΓΕΛΙΑ  |z 2013/01/24